- Johnston, Edgar G.,
Entry Nombre Personal
001 - NUMERO DE CONTROL
- campo de control: 49984
003 - IDENTIFICADOR DE NUMERO DE CONTROL
- campo de control: DLC
005 - FECHA Y HORA DE LA ÜLTIMA TRANSACCIÓN
- campo de control: 20230913202707.0
008 - DATOS DE LONGITUD FIJA
- campo de control de longitud fija: 170201nn acnnnaabn |a aaa c
010 ## - NÚMERO DE CONTROL DE LA BIBLIOTECA DEL CONGRESO
- Número de control LC: no2017013621
035 ## - NUMERO DE CONTROL
- Número de control: (OCoLC)oca10693672
040 ## - FUENTE DE CATALOGACIÓN
- Agencia original de catalogación: OkU
- Lenguaje de catalogación: spa
- Description conventions: rda
- Agencia de transcripción: OkU
- Agencia que lo modifica: OU
- Agencia que lo modifica: MX-MxUPN
046 ## - FECHAS CON CODIFICACIÓN ESPECIAL
- Fecha de nacimiento: 1890-11-28
- Fecha de muerte: 1976-01-06
- Fuente del formato de fecha: edtf
100 1# - ENCABEZAMIENTO - NOMBRE PERSONAL
- Nombre personal: Johnston, Edgar G.,
- Fechas asociadas con el nombre: 1890-1976
378 ## - FORMA COMPLETA DE NOMBRE PERSONAL
- Fuller form of personal name: Edgar Grant
400 1# - VEÁSE - NOMBRE DE PERSONA
- Personal name: Johnston, Edgar Grant,
- Dates associated with a name: 1890-1976
670 ## - FUENTE EN LA QUE SE LOCALIZARON DATOS
- Cita de la fuente: Johnston, Edgar Grant. Student activities in secondary schools, 1952:
- Información localizada: portada (by Edgar G. Johnston)
670 ## - FUENTE EN LA QUE SE LOCALIZARON DATOS
- Cita de la fuente: Point systems and awards, 1930:
- Información localizada: portada (Edgar G. Johnston) vita (Edgar Grant Johnston, b. Nov. 28, 1890)
670 ## - FUENTE EN LA QUE SE LOCALIZARON DATOS
- Cita de la fuente: Findagrave, Feb. 1, 2017:
- Información localizada: (Edgar Grant Johnston, b. Nov. 28, 1890; d. Jan. 6, 1976)
670 ## - FUENTE EN LA QUE SE LOCALIZARON DATOS
- Cita de la fuente: El maestro y la orientación del niño, 1973:
- Información localizada: portada (Edgar G. Johnston)
902 ## - CATALOGADOR
- Catalogador: VíctorGodínez/130923
